Trenčin - mesto na rieke, objekt vybavenosti

Uložené v:
Podrobná bibliografia
Hlavný autor: Jeseňák, Jaroslav (Autor)
Ďalší autori: Schleicher, Alexander (Vedúci práce)
Médium: Rukopis Kniha
Jazyk:Slovak
Vydavateľské údaje: Bratislava 2017
Predmet:
On-line prístup:http://is.stuba.sk/zp/portal_zp.pl?podrobnosti=128338
Tagy: Pridať tag
Žiadne tagy, Buďte prvý, kto otaguje tento záznam!

MARC

LEADER 00000ntm a22000003a 4500
001 stuzp63678
003 SK-STU
005 20210212111226.4
007 ta
008 150427s2015----xo-----f-mn---000-0-slo-d
040 |a STU  |b slo 
041 0 |a slo 
100 1 |a Jeseňák, Jaroslav  |u 058180  |4 aut  |U FAD Fakulta architektúry  |T FA Ústav architektúry občianskych budov  |X 61966  |U A8180  |Y 399  |7 61966 
242 0 1 |a Trenčin - town on river, market building  |y eng 
245 1 0 |a Trenčin - mesto na rieke, objekt vybavenosti 
260 |c 2017  |a Bratislava 
650 4 |a tržnica  |2 slo 
650 4 |a Trenčín  |2 slo 
650 4 |a námestie  |2 slo 
650 4 |a Trenčín  |2 eng 
650 4 |a public space  |2 eng 
650 4 |a market hall  |2 eng 
700 1 |a Schleicher, Alexander  |u 058180  |k Z1  |4 ths  |U FAD Fakulta architektúry  |T FA Ústav architektúry občianskych budov  |X 472  |U A8180  |Y 399  |7 A000000472 
856 4 |u http://is.stuba.sk/zp/portal_zp.pl?podrobnosti=128338  |u https://opac.crzp.sk/?fn=detailBiblioForm&sid=E7FF18FD4FFD5019D8F2EC3CC38C